| 000 | 01148nam a2200325 a 4500 | ||
|---|---|---|---|
| 999 |
_c392344 _d392344 |
||
| 003 | BLK | ||
| 005 | 20240727104859.0 | ||
| 008 | 201214b bu |||||r|||| 00| | bu d | ||
| 020 | _a978-954-553-325-9 | ||
| 040 | _aBLK | ||
| 041 |
_aBUL _cBUL |
||
| 080 |
_aАнглийска литература _b821.111 _x-31 _z821.111-31 |
||
| 100 |
_91299 _aАкройд, Питър _eпърви автор |
||
| 139 |
_aАкройд, Питър _bА 42 |
||
| 245 |
_aЧатъртън _bРоман _cПитър Акройд. |
||
| 260 |
_9209722 _aСофия _bПарадокс _c2019 _fХасково, Полиграфюг _n978-954-553- |
||
| 300 |
_c21 см _a335 с. |
||
| 380 | _aX | ||
| 500 | _aОриг. загл.: Chatterton / Peter Ackroyd За авт.: с. 1 Няколко думи за преводача: с. 334 | ||
| 700 |
_9341215 _aДимитрова, Кристина Валентинова _eпрев. от англ. |
||
| 852 |
_aЦб 306048 _bЦб |
||
| 942 |
_cKNG _n0 _s1 _08 |
||
| 944 |
_aCR _k30545 _lНора Радева |
||
| 999 | _d392344 | ||
| 999 | _d392344 | ||
| 999 | _d392344 | ||
| 999 | _d392344 | ||
| 999 | _d392344 | ||
| 999 | _d392344 | ||